000 00951nam a2200193 a 4500
001 001120684
003 AM-YeHGA
005 20250617151918.0
008 151214s1976 ||| r 000 0 rus d
040 _aAM-YeHGA
041 0 _arus
245 0 0 _aПроблемы технологичности конструкций изделий машиностроения :
_b(Материалы Всесоюзной научно-технической конференции) /
_cПод ред. Ю.Д. Амирова, В.Л. Михельсона-Ткача.
260 _aМосква :
_bИзд-во стандартов,
_c1976.
300 _a143 с. :
_bил., 1 л. схем.
653 0 _aМашиностроительные конструкции - Технологичность - Сборники
700 1 _aАмиров, Юрий Донович
_eред.
_4edt
700 1 _aМихельсон-Ткач, В.Л.
_eред.
_4edt
090 _c362202
999 _c360362
_d360362